| 000 | 00717nam a22002175i 4500 | ||
|---|---|---|---|
| 001 | 176509 | ||
| 003 | ES-MaACL | ||
| 005 | 20250714063722.0 | ||
| 008 | 110120s1964 sp |||| | cat d | ||
| 080 | _a1 Pascal, Blaise | ||
| 245 | 0 | 0 |
_aPascal / _cMaduell ... [et al.]. |
| 260 |
_aBarcelona : _bEditorial Franciscana, _c1964. |
||
| 300 |
_a149 p. ; _c19 cm. |
||
| 490 | 1 |
_aCritèrion. Col·lecció Ideològica ; _v22 |
|
| 546 | _aTexto en catalán. | ||
| 600 | 1 | 4 |
_aPascal, Blaise, _d1623-1662- _xCrítica e interpretación _989308 |
| 700 | 0 |
_aMaduell, Àlvar. _9144806 |
|
| 830 | 0 |
_aCritèrion. Col·lecció Ideològica ; _v22 _9190094 |
|
| 852 |
_aES-MaACL _jE-14111 _xOlim P-735 |
||
| 999 |
_c176509 _d176509 |
||